000 01305cam a2200337 a 4500
999 _c26350
_d26350
001 2878369
005 20170204092707.0
008 860605s1987 nyuaf b 001 0 eng
010 _a 86012787
020 _a0195042832 (alk. paper) :
_c$25.00
040 _aDLC
_cDLC
_dDLC
043 _an-us---
050 0 0 _aNA705
_b.K64 1987
082 0 0 _a720/.973
_219
100 1 _aKostof, Spiro.
245 1 0 _aAmerica by design /
_cSpiro Kostof.
260 _aNew York :
_bOxford University Press,
_c1987.
300 _ax, 388 p., [16] p. of plates :
_bill. (some col.) ;
_c26 cm.
500 _a"Based on the PBS series by Guggenheim Productions, Inc."
500 _aIncludes index.
504 _aBibliography: p. 353-369.
650 0 _aArchitecture
_zUnited States.
650 0 _aCity planning
_zUnited States.
650 0 _aParks
_zUnited States.
730 0 _aAmerica by design (Television program)
856 4 2 _3Publisher description
_uhttp://www.loc.gov/catdir/enhancements/fy0636/86012787-d.html
856 4 2 _3Contributor biographical information
_uhttp://www.loc.gov/catdir/enhancements/fy0723/86012787-b.html
906 _a7
_bcbc
_corignew
_d1
_eocip
_f19
_gy-gencatlg
942 _2lcc
_cBOOKS
_hNA 705 .K64 1987